00916nam0a22002531 4500001001500000005001700015035002600032100004100058101001300099102000700112105001800119200006500137210005400202215001600256225007100272311005600343316008800399422004400487700004500531801001800576801002200594801002700616852001900643v19\rc\197951620251118181154.6 a(NLR Aleph) 005062841 a20080623d1914 u y0rusy50 ca1 aruscund aRU ay z |||a|1 aЦарство юбокeИст. роман бар. Орчи aПетроградcА.А. Каспариd[1914] a184 с.d221 aИсторическая библиотекаv1914 г. Кн. 8-10 aПрил. к журн. "Родина" за 1914 г. aЭкз. РНБ (87-5/2527): деф.: отсутствует обл.5NLR: 87-5/2527 012001#$aРодина$v1914tРодина 1aОрчиbЭ.f1865-1947gЭммуска 0aRUbNLRgpsbo 0aRUbRuMoRGB2psbo 1aRUbProSoft-M2rusmarc aNLRj87-5/2527